zpět

Detail výsledku týmu

Harry, Brno

Datum a čas kvízu

24 Celkem bodů Celkový počet nahraných bodů na tomto kvízu bez doplňovacích otázek.
16. Pořadí na kvízu Konečné umístění týmu na tomto kvízu.

Zaznamenané odpovědi

# Otázka Odpověď Body Výsledky
1. Ministr práce a sociálních věc... o 1 600 Kč 0
2. Který stát ve čtvrtek nepovoli... Bulharsko 0
3. Česká televize prozradila jmén... Marek Eben 0
4. Ve středu pravomocně zrušil Mě... proti dopravním přestupkům 1
5. Který bývalý reprezentační bra... Patrik Bartošák 1
6. Když české divadlo, tak hned n... 1881, 1883 0
7. V roce 1786 vzniklo kvůli zájm... Bouda 0
8. V 50. letech minulého století... František Filipovský, Harpagon 0
9. V této otázce po vás budeme ch... 1C 2A 3D 4B 1
10. Jedním z nejslavnějších divade... Truffaldino 0